000 01106cam a22003497a 4500
003 CHAP
005 20220329142305.0
008 000516d1999 us r 00010 eng d
010 _a81137
011 _a82109
020 _a0126144400
035 _a92595
040 _cCHAP
082 0 4 _a581.13342
_bS33
100 0 0 _aSage, Rowan F.
_eed.
_9101179
245 1 0 _aC4 plant biology
_c/ed. by Rowan F. Sage and Russell K. Monson
260 _aSan Diego :
_bAcademic Press,
_c1999.
300 _a596 p.
490 0 _aPhysiological ecology
590 _aBATCH-UPD
_b10
_c20130110
_lUCH01
_h0403
590 _aBATCH-UPD
_b10
_c20130110
_lUCH01
_h2322
590 _aBATCH-UPD
_b10
_c20130410
_lUCH01
_h0036
590 _aBATCH-UPD
_b10
_c20130914
_lUCH01
_h1434
590 _aCONVERSION
_b10
_c20130109
_lUCH01
_h1345
650 1 4 _aFotosíntesis.
_942737
650 1 4 _aPlantas C4.
_988904
700 0 _aMonson, Russell K.
_eed.
_977692
830 0 _aPhysiological ecology
_987897
901 _aBK
942 _cLIBRO
949 _a581.13342 S33
_bBC
_cLIBRO
_d33724000778254
_eLIBRO
_gI.202327
_h98008
_i92595
_si
_t$807.00
999 _c81137
_d81137